00543 2200181 4500001002100000005001500021007000300036008004100039020001800080035002000098082000800118084001400126100001900140245006600159260006900225300004800294650001900342INLIS00000000000024720231113094654ta231113 g 0 ind  a979-8161-51-3 a0010-1123000030 a633 a633 MAH k0 aMahyuddin Syam1 aKinerja Penelitian Tanaman Pangan :bBuku 3 /cMahyuddin Syam aBogor :bPusat Penelitian dan Pengembangan Tanaman Pangan,c1995 avi, 675-1022 hlm, :bilus, ;c15 cm x 23 cm 4aTanaman Pangan